000 00663nam a2200277Ia 4500
005 20260324112302.0
008 008 260324s9999 xx 000 0 eng d
020 _a9781003467175
037 _aEBOOK
040 _aCRL
040 _beng
040 _cCRL
041 _2eng
041 _aeng
084 _qCRL
100 _aConnor Jackson
_91142062
245 0 _aZombies, Consumption, and Satire in Capcom’s Dead Rising
260 _bTaylor and Francis
260 _c2024
365 _a
365 _b80.99
856 _uhttp://www.taylorfrancis.com/books/9781003467175
942 _cEBOOK
999 _c1731211
_d1731211